00278pam a2200109 a 4500020000500000041000500005082001200010100002900022245006900051260003600120300001200156 c h a658.401 aCOATES (Charles)eauthor aThe Total Manager: Breakout of Your DepartmenthTextual Document bPitman Publication Londonc1995 aVII,248